000 00365nam a2200133Ia 4500
005 20260328104338.0
008 260328s9999||||xx |||||||||||||| ||und||
100 _ade Anda Alanís, Enrique Xavier
245 0 _aEvolución de la Arquitectura en Mexico /
_cEnrique Xavier de Anda Alanís
260 _bPanorama
300 _a233 p.
650 _aMEXICO
942 _cBK
999 _c11979
_d11979